01001cam a2200265 a 4500008004100000020003800041040001500079100002000094245013700114250002400251260004100275300007200316336002600388337002700414338002700441500002000468504004100488650004800529650003700577650003300614700003800647700003200685003000100717005001700718  a9780323263443 (v. 3 : hardback. ) aNUSTcNUST1 aLong, Bruce, W.10aMerrill's atlas of radiographic positioning and procedures :bvolume 3 /cBruce W. Long, Jeannean Hall Rollins and Barbara J. Smith. aThirteenth edition. aSt. Louis :bElsevier/Mosby,cc2016. axiii, 508 (Various paging) :billustrations (some colour) ;c31 cm. atextbtxt2rdacontent aumediatedbn2rdamedia avolumebnc2rdacarrier aIncludes index. aIncludes bibliographical references. 0aRadiography, MedicalxPositioningvAtlases.12aTechnology, RadiologicvAtlases.22aDiagnostic ImagingvAtlases.1 aRollins, Jeannean Hall.,aauthor.1 aSmith, Barbara J.,aauthor.20230120204315.0